| 000 | 00866cam a2200205 i 4500 | ||
|---|---|---|---|
| 082 | 0 | 0 |
_a954.91 _bSYM _cL-28, P-46 |
| 100 | 1 |
_aSymonds, Richard, _946503 |
|
| 245 | 1 | 4 |
_aThe making of Pakistan / _cby Richard Symonds. |
| 260 |
_aIslamabad : _bNational Committee for Birth Centenary Celebrations of Quaid-i-Azam Mohammad Ali Jinnah, Ministry of Education, Govt. of Pakistan, _c1976. |
||
| 300 |
_a231 p., [1] leaf of plates : _bmaps ; _c23 cm. |
||
| 500 | _a"The culture of Pakistan, by Ahmed Ali": p. 195-216. | ||
| 500 | _aIncludes index. | ||
| 500 | _aOn verso of t.p.: National Book Foundation edition, 1976. | ||
| 500 | _aReprint of the 1950 ed. published by Faber & Faber, London. | ||
| 526 |
_a0 _b0 _c0 _d954_910000000000000_SYM |
||
| 526 |
_a0 _b0 _c0 _d954_910000000000000_SYM |
||
| 650 | 0 |
_aMCE _9379 |
|
| 650 | 0 |
_aPakistan movement. _9203 |
|
| 942 |
_2ddc _cBK |
||
| 999 |
_c549825 _d549825 |
||